鉄道トンネル 長さTOP30 - Statistics

General Stats
  • This quiz has been taken 29 times
  • The average score is 10 of 30
Answer Stats
Hint Answer % Correct
北海道新幹線・海峡線 青函
100%
北陸本線 北陸
87%
東北新幹線 八甲田
70%
北陸新幹線 新北陸
65%
山陽新幹線 六甲
57%
山陽新幹線 新関門
52%
上越線 新清水
52%
上越線 清水
52%
上越新幹線 大清水
43%
えちごトキめき鉄道日本海ひすいライン 頸城
43%
北陸新幹線 飯山
39%
北越急行ほくほく線 赤倉
39%
北越急行ほくほく線 鍋立山
39%
上越新幹線 中山
35%
東北新幹線 岩手一戸
26%
北陸新幹線 五里ヶ峯
22%
東北新幹線 福島
22%
東北新幹線 蔵王
22%
上越新幹線 魚沼
17%
上越新幹線 榛名
13%
山陽新幹線 安芸
13%
東北新幹線 金田一
13%
山陽新幹線 福岡
13%
九州新幹線 筑紫
9%
山陽新幹線 北九州
9%
武蔵野線 生田
9%
東北新幹線 一ノ関
9%
上越新幹線 塩沢
4%
九州新幹線 第三紫尾山
4%
山陽新幹線 備後
4%
No matching quizzes found
Score Distribution
Percent of People with Each Score
Percentile by Number Answered
Your Score History
You have not taken this quiz